Effect of using carrot (daucus carota) powder in broiler ration as a growth promoter to produce safe meat / (Record no. 15734)

MARC details
000 -LEADER
fixed length control field 00966nam a22002537a 4500
003 - CONTROL NUMBER IDENTIFIER
control field BD-DhSAU
005 - DATE AND TIME OF LATEST TRANSACTION
control field 20220303192500.0
008 - FIXED-LENGTH DATA ELEMENTS--GENERAL INFORMATION
fixed length control field 210929b |||||||| |||| 00| 0 eng d
040 ## - CATALOGING SOURCE
Original cataloging agency BD-DhSAU
082 ## - DEWEY DECIMAL CLASSIFICATION NUMBER
Edition number 22
Classification number 636.5
Item number W1199
100 ## - MAIN ENTRY--PERSONAL NAME
Personal name WADUD, ESAM BIN
Relator term Registration No.:# 18-09311
245 ## - TITLE STATEMENT
Title Effect of using carrot (daucus carota) powder in broiler ration as a growth promoter to produce safe meat /
Remainder of title Ms Thesis
260 ## - PUBLICATION, DISTRIBUTION, ETC. (IMPRINT)
Place of publication, distribution, etc. Sher-e-Bangla Agricultural University ;
Name of publisher, distributor, etc. DEPARTMENT OF POULTRY SCIENCE;
Date of publication, distribution, etc. 2020;
300 ## - PHYSICAL DESCRIPTION
Extent xv;
Other physical details 76p.;
Dimensions 30cm.;
500 ## - GENERAL NOTE
General note Including Index.;
590 ## - Name of Cataloguer
Name of Cataloger Nazmul
600 ## - SUBJECT ADDED ENTRY--PERSONAL NAME
Fuller form of name carrot (daucus carota)
610 ## - SUBJECT ADDED ENTRY--CORPORATE NAME
Corporate name or jurisdiction name as entry element broiler ration
650 ## - SUBJECT ADDED ENTRY--TOPICAL TERM
Source of heading or term promoter to produce safe meat
700 ## - ADDED ENTRY--PERSONAL NAME
Personal name Prof. Dr. Md. Anwarul Haque Beg
Relator term Supervisor
710 ## - ADDED ENTRY--CORPORATE NAME
Corporate name or jurisdiction name as entry element Assist. Prof. Dr. Amina Khatun
Relator term Co-Supervisor
856 ## - ELECTRONIC LOCATION AND ACCESS
Link text Online Access
Uniform Resource Identifier <a href="http://archive.saulibrary.edu.bd:8080/xmlui/handle/123456789/3633">http://archive.saulibrary.edu.bd:8080/xmlui/handle/123456789/3633</a>
942 ## - ADDED ENTRY ELEMENTS (KOHA)
Source of classification or shelving scheme Dewey Decimal Classification
Koha item type MS Level Thesis
Holdings
Withdrawn status Lost status Source of classification or shelving scheme Damaged status Not for loan Collection code Home library Branch Name Date acquired Total Checkouts Full call number Barcode Date last seen Price effective from Koha item type
    Dewey Decimal Classification   Not For Loan Reference SAU Library SAU Library 03/03/2022   636.5 W1199 43205 03/03/2022 03/03/2022 MS Level Thesis